Most Visited Countries By Continent - Statistics

General Stats
  • This quiz has been taken 2,956 times
  • The average score is 27 of 30
Answer Stats
Continent Yearly Visitors County % Correct
Africa 13.0M Egypt
99%
Europe 79.4M France
99%
Oceania 18.2M Australia
98%
North America 22.1M Canada
98%
Asia 62.9M China
98%
North America 38.3M Mexico
98%
Europe 71.7M Spain
98%
North America 50.9M United States
98%
Europe 49.8M Italy
97%
Asia 32.2M Japan
97%
Oceania 9.9M New Zealand
97%
Europe 30.7M United Kingdom
97%
South America 7.4M Argentina
96%
South America 6.4M Brazil
96%
Europe 28.5M Germany
96%
Africa 12.9M Morocco
95%
South America 4.5M Chile
93%
South America 4.2M Colombia
92%
South America 5.2M Peru
92%
Oceania 1.6M Fiji
91%
Asia 39.8M Thailand
87%
Africa 2.4M Algeria
85%
North America 4.3M Cuba
85%
Africa 10.2M Tunisia
85%
Oceania 3.9M Papua New Guinea
81%
Asia 50.5M Turkey
79%
North America 6.4M Dominican Republic
78%
Oceania 0.2M Vanuatu
67%
Asia 26.1M Malaysia
64%
Africa 2.3M Zimbabwe
26%
No matching quizzes found
Score Distribution
Percent of People with Each Score
Percentile by Number Answered
Your Score History
You have not taken this quiz